| 000 | 00502nam a2200193Ia 4500 | ||
|---|---|---|---|
| 008 | 151121s9999||||xx |||||||||||||| ||und|| | ||
| 082 | _a294।5 /Tap | ||
| 082 | _bHNW-67372 | ||
| 100 | _aTapovanji Maharaj | ||
| 245 | _aWanderings in the Himalayas | ||
| 260 | _bChinmaya Pub। Trust। | ||
| 260 | _c-- | ||
| 300 | _a218 | ||
| 600 | _aTapovanji Maharaj | ||
| 630 | _aWanderings in the Himalayas | ||
| 700 | _aTapovanji Maharaj | ||
| 730 | _aWanderings in the Himalayas | ||
| 942 | _cBOOK | ||
| 999 |
_c1248867 _d1248864 |
||